书目信息 |
| 题名: |
单杠的教学与训练
|
|
| 作者: | 周力行 编著 | |
| 分册: | ||
| 出版信息: | 北京 人民体育出版社 1984 |
|
| 页数: | 183页 | |
| 开本: | 19cm | |
| 丛书名: | ||
| 单 册: | ||
| 中图分类: | G832.32 | |
| 科图分类: | ||
| 主题词: | 单杠项目-运动训练 , 运动训练-单杠项目 | |
| 电子资源: | ||
| ISBN: | ||
| 000 | 00692nam0 2200241 45 | |
| 001 | 0184003187 | |
| 005 | 20060519084859.43 | |
| 010 | @dCNY0.77 | |
| 091 | @a7015.2155 | |
| 100 | @a19950630d1984 emky0chiy0121 ea | |
| 101 | 0 | @achi |
| 102 | @aCN@b110000 | |
| 105 | @af z 000yy | |
| 200 | 10 | @a单杠的教学与训练@Adan gang de jiao xue yu xun lian@f周力行编著@Fzhou li xing bian zhu |
| 210 | @a北京@c人民体育出版社@d1984 | |
| 215 | @a183页@c图@d19cm | |
| 606 | @a单杠项目-运动训练 | |
| 606 | @a运动训练-单杠项目 | |
| 690 | @aG832.32@v3 | |
| 701 | 0 | @a周力行@Azhou li xing@4编著 |
| 801 | 2 | @aCN@bNLC@c20060519 |
| 801 | 0 | @aCN@b上海图书馆@c20040505 |
| 905 | @f2@b162219-220@dG832.32@e12 | |
| 单杠的教学与训练/周力行编著.-北京:人民体育出版社,1984 |
| 183页:图;19cm |
| ISBN :CNY0.77 |
| ● |
| 相关链接 |
|
|
|
|
正题名:单杠的教学与训练
索取号:G832.32/12
 
预约/预借
| 序号 | 登录号 | 条形码 | 馆藏地/架位号 | 状态 | 备注 |
| 1 | 0162219 | 000995524 | 密集书库/ [索取号:G832.32/12] | 在馆 | |
| 2 | 0162220 | 000995515 | 第一样本阅览室/ [索取号:G832.32/12] | 在馆 | |
| 3 | 0162221 | 202364039 | 密集书库/ [索取号:G832.32/12] | 在馆 |